El Sistema de Precios (Registro nro. 7834)

Detalles MARC
000 -LEADER
fixed length control field 01097nam a2200229Ia 4500
005 - FECHA Y HORA DE LA ÚLTIMA TRANSACCIÓN
control field 20230418091226.0
008 - FIXED-LENGTH DATA ELEMENTS--GENERAL INFORMATION
fixed length control field 230417s9999 xx 000 0 und d
040 ## - CATALOGING SOURCE
Original cataloging agency UPAN
Transcribing agency Biblioteca San Vicente
Description conventions RCAA2
041 ## - LANGUAGE CODE
Language code of text/sound track or separate title spa
082 ## - DEWEY DECIMAL CLASSIFICATION NUMBER
Classification number 330.12
Item number H383s
100 ## - MAIN ENTRY--PERSONAL NAME
Personal name Haveman Robert
Relator code aut.
245 #0 - TITLE STATEMENT
Title El Sistema de Precios
Statement of responsibility, etc Robert Haveman, Kenyon Knopf
250 ## - EDITION STATEMENT
Edition statement 1ª ed.
260 ## - PUBLICATION, DISTRIBUTION, ETC. (IMPRINT)
Place of publication, distribution, etc Argentina:
Name of publisher, distributor, etc Amorrortu,
Date of publication, distribution, etc 1970
300 ## - PHYSICAL DESCRIPTION
Extent 319 p.;
Dimensions 21 cm.
520 ## - SUMMARY, ETC.
Summary, etc 1. Tipos de economía y economizarían<br/>2. Economía del mercado. Modelo de un sistema económico simple<br/>3. Las familias como unidades de decisión.<br/>4. La empresa competitiva como unidad de decisión<br/>5. Organización y funcionamiento de los mercados competitivos<br/>6. El funcionamiento de un sistema de mercado perfecto<br/>7. interferencias en el proceso de ajuste - El problema del poder económico<br/>8. Los modelos y la realidad: problemas y perspectivas
650 ## - SUBJECT ADDED ENTRY--TOPICAL TERM
Source of heading or term LEMB
General subdivision Política de precios
650 ## - SUBJECT ADDED ENTRY--TOPICAL TERM
Source of heading or term LEMB
General subdivision Economía
650 ## - SUBJECT ADDED ENTRY--TOPICAL TERM
Source of heading or term LEMB
General subdivision Sistemas económicos
700 ## - ADDED ENTRY--PERSONAL NAME
Personal name Knopf, Kenyon
Relator code aut.
942 ## - ADDED ENTRY ELEMENTS (KOHA)
Koha item type Libros
Source of classification or shelving scheme Dewey Decimal Classification
Existencias
Withdrawn status Lost status Source of classification or shelving scheme Damaged status Not for loan Collection code Home library Current library Date acquired Total Checkouts Full call number Barcode Date last seen Price effective from Koha item type Copy number
    Dewey Decimal Classification     Colección General Biblioteca UPAN San Vicente Biblioteca UPAN San Vicente 17/04/2023   330.12 H383s 12000395 17/04/2023 17/04/2023 Libros  
    Dewey Decimal Classification     Colección General Biblioteca UPAN San Vicente Biblioteca UPAN San Vicente 17/04/2023   330.12 H383s 12000397 17/04/2023 17/04/2023 Libros 01
    Dewey Decimal Classification     Colección General Biblioteca UPAN San Vicente Biblioteca UPAN San Vicente 17/04/2023   330.12 H383s 12000396 17/04/2023 17/04/2023 Libros 02